01112 2200349 4500001002100000005001500021035002000036007000300056008004100059020002200100040002200122082001200144084001400156090001700170100002200187245010400209250003100313300004700344500004600391650001600437700003000453700002600483850001200509041001300521264004200534336002100576337003000597338002300627546007200650990002000722990002000742INLIS00000000085199620191017025559 a0010-1019000723ta191016s2018 jkia br ind d a978-602-455-393-7 aYOPDYOGbinderda04223a031 a031 LAR e aKR 031 LAR e0 aLarousseepenulis10aEnsiklopedia pintar :bdunia /cpenulis, Larousse; penerjemah, Airin Miranda; penyunting, Mursyidah aCetakan ketiga, Maret 2018 a153 halaman :bilustrasi berwarna ;c23 cm aJudul asli: Mon premier larousse du monde 4vEnsiklopedi0 aAirin Mirandaepenerjemah aMursyidahepenyunting aYOPDYOG aindgfre31aJakarta :bBhuana Ilmu Populer,c2018 2rdacontentateks 2rdamediaatanpa perantara 2rdacarrieravolume aTeks dalam bahasa Indonesia diterjemahkan dari bahasa Paris, France a39070-PD/B.2019 a39071-PD/B.2019